00854 2200313 4500001002100000005001500021035002000036007000300056040001700059245006300076250001000139300003700149041000800186082001100194084001800205090002100223264004300244336002100287337003000308338002300338650001000361850001000371008004100381100003100422020001800453990002300471990002300494990002300517INLIS00000000000617420260418041924 a0010-0322000418ta aSBPUPADbInd1 aHukum Acara Peradilan Tata Usaha Negara /cRozali Abdullah acet.9 axii, 252 hal. :billus. ;c21 cm0 aInd a342.02 a342.02 ROZ h a342.03 IND a 9-8 aJakarta :bRajagrafindo Persada,c2004 2rdacontentaTeks 2rdamediaaTanpa Perantara 2rdacarrieravolume 4aHukum aPUPAD260418 0 0 aRozali AbdullahePengarang a979-421-310-1 a0728 A/BR/ARPUS/06 a0728 B/BR/ARPUS/06 a0728 C/BR/ARPUS/06